Score 0/10 Timer 05:00
2 Plays Today
Question Answer Wrong Answers
George Orwell The Hunchback of Notre-Dame
92.3%
Animal Farm
1.1%
1984
1.3%
Burmese Days
3.7%
Jules Verne The Fall
91.4%
Journey to the Center of the Earth
2.1%
Around the World in 80 Days
2.5%
Twenty Thousand Leagues Under the Sea
2.2%
John Steinbeck Coming Up for Air
89.6%
Of Mice and Men
2.1%
East of Eden
4.3%
The Grapes of Wrath
2.3%
Victor Hugo Great Expectations
82.1%
Les Miserables
2.4%
Ninety-Three
11%
Claude Gueux
2.9%
Charles Dickens A Floating City
82.1%
Bleak House
7.1%
The Old Curiosity Shop
7.2%
A Tale of Two Cities
2%
Albert Camus Tender is the Night
76.5%
The Plague
8.2%
The Stranger
4.9%
The First Man
8.4%
F. Scott Fitzgerald The Temptation of Saint Anthony
75.3%
This Side of Paradise
8.3%
The Great Gatsby
2.2%
The Beautiful and Damned
12.5%
Gustave Flaubert And Then There Were None
73.7%
Memoirs of a Madman
6.7%
Madame Bovary
8.8%
Three Tales
8.8%
Cormac McCarthy The Pearl
65.1%
Blood Meridian
11.2%
The Road
7.7%
No Country for Old Men
14.1%
Agatha Christie All the Pretty Horses
55.2%
The Secret Adversary
3.3%
The Man in the Brown Suit
4.1%
Giant's Bread
35.7%
Remove Ads.
Support Sporcle.
Get the best of Sporcle when you Go Orange. This ad-free experience offers more features, more stats, and more fun while also helping to support Sporcle. Thank you for becoming a member.

You're not logged in!

Compare scores with friends on all Sporcle quizzes.
OR
Log In

Sporcle TV

Today on Sporcle TV


Watch our educational content, quiz creation guides, and fun videos on Sporcle TV.

Show Comments

Extras

Top Quizzes Today


Score Distribution

Paid Content

Your Account Isn't Verified!

In order to create a playlist on Sporcle, you need to verify the email address you used during registration. Go to your Sporcle Settings to finish the process.

Report this User

Report this user for behavior that violates our Community Guidelines.

Details: